LDR 00821naa#a2200169#i#450# 001 RU\\bibl\126838 005 20260701153428.3 011 ## _a2782-4926 100 ## _a20260630b2026####ek#y0rusy0150####ca 102 ## _aRU 200 1# _aО РАЗДЕЛЕНИИ АБСТРАКТНОГО ИСКУССТВА НА ВИДЫ _eЖурнальная статья 210 1# _aКрасноярск _cКрасноярская региональная общественная организация Содружество просветителей Красноярья _d2026 215 ## _a3 с. 608 ## _aЖурнальная статья _2local 675 ## _aАбстрактное искусство. Беспредметное искусство. 7.038 _z 700 #1 _aПопова _gНаталья Сергеевна 856 4# _aasiaetother-journal.ru _u